Les surprenants chiffres des Français - 7 - Statistiques

Statistiques générales
  • Ce quiz a été pris 23 fois
  • Le résultat moyen est 5 sur 15
Statistiques - réponses
Hint Réponse % Correct
136 kilos par an Consommation de papier et carton par Français
67%
17 kilos par an Poids des publicités reçues par chaque Français
62%
Environ 4000 par an Nombre de feux de forêt en France métropolitaine
43%
95 % des savons de Marseille sont faux
38%
40 kilos par seconde Production d'acier en France
38%
90 % Des enveloppes vendues en France y sont produites
33%
2,4 par an Nombre de brosses à dents par Français
33%
32 % Taux de recyclage de l'aluminium
33%
Plus d'un par minute Climatiseurs vendus en France
29%
490 Millions par an de gel douche vendu en France
29%
16,5 % Des foyers français consomment du bicarbonate de soude
29%
22 % des Françaises portent du vernis à ongles
29%
Environ 1500 par an Nombre de tremblements de terre en France métropolitaine
19%
7900 tonnes par an Production de tabac en France
19%
133 kilos par seconde Production de sel en France
10%
Aucun quiz correspondant
Distribution des résultats
% des personnes avec chaque résultat
Percentile par nombre de réponses
Votre historique - résultats
Vous n’avez pas pris ce quiz